| 000 | 00639nam a2200181Ia 4500 | ||
|---|---|---|---|
| 008 | 151202s9999||||xx |||||||||||||| ||und|| | ||
| 082 | _bPNVM-48245 | ||
| 100 | _aसाळगावकर शशिकला. | ||
| 245 | _aदाजीबा आणि रावजी. | ||
| 260 | _b"अनमोल प्रकाशन,पुणे." | ||
| 260 | _c1998 | ||
| 300 | _a32 | ||
| 600 | _aसाळगावकर शशिकला. | ||
| 630 | _aदाजीबा आणि रावजी. | ||
| 700 | _aसाळगावकर शशिकला. | ||
| 730 | _aदाजीबा आणि रावजी. | ||
| 942 | _cBOOK | ||
| 999 |
_c1314191 _d1314188 |
||